| 000 | 00829nam a22002417a 4500 | ||
|---|---|---|---|
| 003 | OSt | ||
| 005 | 20141031114654.0 | ||
| 008 | 141010b xxu||||| |||| 00| 0 eng d | ||
| 020 | _a950-537-012-3 | ||
| 040 | _cBMC | ||
| 082 | _a658.15 | ||
| 100 | 1 |
_926546 _aBasagaña, Eduardo |
|
| 245 | 1 | 0 |
_aAdministración financiera _nSegunda parte _cEduardo J. Basagaña, Roberto González Dosil, Norberto Bruno ; colaboradores, Heriberto Horacio Fernández ... [et al.] |
| 250 | _a4ª ed | ||
| 260 |
_aBuenos Aires, Argentina _bMacchi _c1993 |
||
| 300 |
_a312 p. _c22 cm |
||
| 500 | _aEn la cub.: Temas de administración financiera | ||
| 650 | 2 | 4 |
_95713 _aEmpresas _xFinanzas |
| 700 | 1 |
_926547 _aGonzález Dosil, Roberto |
|
| 700 | 1 |
_926551 _aFernández, Heriberto Horacio |
|
| 700 | 1 |
_926548 _aBruno, Norberto |
|
| 942 |
_2ddc _cBK |
||
| 999 |
_c14568 _d14568 |
||